Big Nate Characters - Statistics

General Stats
  • This quiz has been taken 33 times
    7 since last reset
  • The average score is 30 of 53
Answer Stats
Desciption Answer % Correct
Main character Nate Wright
100%
His uncle who still lives with main character's grandparents Ted Wright
100%
Main character's first girlfriend Angie
67%
Her current boyfriend who is also the main character's rival Artur Pashkov
67%
Most innocent character, loves food, and has the power to make almost anyone nicer Chad Applewhite
67%
Bully who is 6'6 and 300 pounds, never shown on screen Chester Burdwick
67%
Overweight social studies teacher, is hated by main character Clara Godfrey
67%
Mean PE teacher, wears a toupee Coach John
67%
Nate's friend who is a girl, is leader of drama club Dee Dee Hollaway
67%
His sister Ellen Wright
67%
His geeky best friend Francis Pope
67%
Annoying classmate who is always yapping about how smart she is, major suck-up Gina Hemphill-Toms
67%
Worker of Klassic Komix, later becomes main character's sister's boyfriend Gordie
67%
Main character's crush Jenny Jenkins
67%
Burned out art teacher who is the main character's favorite teacher Ken Rosa
67%
Girl who has a crush on main character, never smiles Kim Cressly
67%
Most popular kid in school Marcus
67%
His grandma Marge Wright
67%
His dad Marty Wright
67%
Most boring science teacher ever, is very old Mr. Galvin
67%
Detention monitor who likes to read romance novels and complain about her husband Mrs. Czerwicki
67%
School Librarian Mrs. Hickson
67%
Math teacher who thinks he's got jokes Mr. Staples
67%
Life Skills teacher Ms. Brindle
67%
English teacher, main character enjoys writing poems about Cheez Doodles and Brazil Nuts in her class Ms. Clarke
67%
French teacher who is supposedly liked by the science teacher Ms. Lachance
67%
His other best friend's girlfriend Paige
67%
Kid who is in 1st grade but is smarter than main character Peter
67%
Main character's geeky best friend's cat who is supposedly dating the previous answer Pickles
67%
Bully who always wears a pineapple shirt Randy Betancourt
67%
Guy who takes school pictures, but has other jobs and lives in his mom's basement School Picture Guy
67%
His dog who is nothing like a real dog according to main character Spitsy
67%
His other best friend Teddy Ortiz
67%
Principal, who is obese and very nice Wesley Nichols
67%
TV Weatherman who main character is obsessed with Wink Summers
67%
PE teacher, is also the coach of main character's baseball team Coach Calhoun
33%
Main character's current girlfriend Daphne
33%
His wife Debbie Grundzlweick
33%
Is main character's neighbor, has a dog. Frequently has chores done for him by main character Don Eutis
33%
His secretary who does way more work than him and has 22 million Twitter followers Geraldine Shipulski
33%
Her third boyfriend Greg Proximire
33%
Main character's second girlfriend Kelly
33%
Main character's sister's former boyfriend, captain of the hockey team Kenny Smithson
33%
Kid who is also in 1st grade and is very violent Miranda
33%
Substitute teacher for the overweight social studies teacher, who is hated by main character while she is on maternity leave Mr. Gaffney
33%
Her second boyfriend Ronnie Dwyer
33%
TV painter who main character idolizes Rusty Sienna
33%
Her class hamster Sherman
33%
His geeky best friend's girlfriend Shiela
33%
Her first boyfriend TJ
33%
Main character's third girlfriend Trudy
33%
His grandpa Vern Wright
33%
Manager of Klassic Komix, no one can understand him except previous answer Wayne
33%
No matching quizzes found
Score Distribution
Percent of People with Each Score
Percentile by Number Answered
Your Score History
You have not taken this quiz since the last reset